| 000 | 00727nam a22002297a 4500 | ||
|---|---|---|---|
| 005 | 20240814174001.0 | ||
| 008 | s2002 eng d | ||
| 041 | _aeng | ||
| 100 | 0 | _aTripathi, R. C. | |
| 245 | 1 | 0 | _aParliament of India : an introduction [3rd] |
| 260 | 3 |
_aNew Delhi : _bRajya Sabha Secretariat, _c2002 |
|
| 300 |
_a28 p. ; _b21 cm. |
||
| 650 | 0 | 4 | _aLegislative bodies -- India |
| 650 | 0 | 4 | _aParliament -- India |
| 650 | 0 | 4 | _aParliament -- IndiaLegislative bodies -- India |
| 850 | _aNALT | ||
| 942 | _cLB | ||
| 997 | _aG2018 c.2 / G2639 c.2 | ||
| 997 | _c000000000043976 | ||
| 998 |
_aนางสาวเบญจลักษณ์ สุทธิวิไล _j25 _k นีลวัสน์ อินทรักษา |
||
| 999 |
_c43976 _d43976 |
||
| 090 | _aKD219.I4.1 T54P 2002 | ||